[Event "VIE-ch (Women)"]
[Site "Tinh Bac Giang"]
[Date "2022.02.28"]
[Round "5"]
[White "Dang, Bich Ngoc"]
[Black "Nguyen, Hong Nhung"]
[Result "1/2-1/2"]
[WhiteElo "2100"]
[BlackElo "1697"]
[PlyCount "83"]
[EventDate "2022.02.28"]
[EventType "swiss"]
[EventRounds "9"]
[EventCountry "VIE"]
[SourceTitle "CBM 207 Extra"]
[Source "ChessBase"]
[SourceDate "2022.05.31"]
[SourceVersion "1"]
[SourceVersionDate "2022.05.31"]
[SourceQuality "1"]

1. Nf3 f5 2. g3 Nf6 3. Bg2 g6 4. b3 Bg7 5. Bb2 0-0 6. 0-0 d6 7. d4 Ne4 8. c4 Nc6 9. Nbd2 Nxd2 10. Qxd2 e5 11. d5 Nb8 12. e3 Nd7 13. Qc2 Nf6 14. Rae1 Bd7 15. Nd2 g5 16. f4 gxf4 17. exf4 e4 18. Rf2 e3 19. Rxe3 Ng4 20. Nf1 Bxb2 21. Qxb2 Nxf2 22. Kxf2 Qf6 23. Qxf6 Rxf6 24. Nd2 Re8 25. Rc3 Kg7 26. Nf3 b6 27. Nd4 Rf7 28. Ne6+ Bxe6 29. dxe6 Rfe7 30. Bc6 Rg8 31. Bd7 Kf6 32. b4 a5 33. bxa5 Ra8 34. axb6 Rxa2+ 35. Kf3 cxb6 36. Rb3 Rxh2 37. Rxb6 Rc2 38. Rb8 Rxe6 39. Bxe6 Kxe6 40. Re8+ Kd7 41. Rf8 Ke6 42. Re8+ 1/2-1/2

[Event "VIE-ch (Women)"]
[Site "Tinh Bac Giang"]
[Date "2022.02.28"]
[Round "3"]
[White "Dang, Bich Ngoc"]
[Black "Nguyen, Thi Minh Oanh"]
[Result "1/2-1/2"]
[WhiteElo "2100"]
[BlackElo "1835"]
[PlyCount "105"]
[EventDate "2022.02.28"]
[EventType "swiss"]
[EventRounds "9"]
[EventCountry "VIE"]
[SourceTitle "CBM 207 Extra"]
[Source "ChessBase"]
[SourceDate "2022.05.31"]
[SourceVersion "1"]
[SourceVersionDate "2022.05.31"]
[SourceQuality "1"]

1. Nf3 d5 2. g3 Nf6 3. Bg2 e6 4. 0-0 c5 5. c4 Be7 6. cxd5 exd5 7. d4 0-0 8. Nc3 Nc6 9. Bg5 Be6 10. Rc1 c4 11. Ne5 h6 12. Bxf6 Bxf6 13. Nxc6 bxc6 14. Na4 Qa5 15. b3 cxb3 16. axb3 Rfc8 17. e3 Be7 18. Nc5 Bxc5 19. Rxc5 Qb6 20. Qc2 Rab8 21. Rb1 Qa6 22. Bf1 Qb6 23. b4 Bd7 24. Ra5 Rc7 25. Bd3 Rcb7 26. Ra6 Qd8 27. Qc5 Qc7 28. Rc1 Rxb4 29. Qxd5 Qb7 30. Qa5 Bh3 31. Rxa7 Qc8 32. Qc7 Qe6 33. Raa1 Rc8 34. Qa5 Rb3 35. Bf1 Bxf1 36. Rxf1 Rb5 37. Qa6 Qh3 38. Ra2 Rh5 39. f3 Re8 40. g4 Rg5 41. Qxc6 Rxe3 42. Ra8+ Kh7 43. Qc2+ Rg6 44. Qg2 Qh4 45. Qf2 Qe7 46. Ra2 Rd6 47. Rd2 Rf6 48. Qg3 Qa3 49. Kg2 Qc3 50. Rdf2 Qxd4 51. h3 Rf4 52. Rd1 Qf6 53. h4 1/2-1/2

[Event "VIE-ch (Women)"]
[Site "Tinh Bac Giang"]
[Date "2022.02.28"]
[Round "9"]
[White "Nguyen, Ngoc Thuy Trang"]
[Black "Dang, Bich Ngoc"]
[Result "1/2-1/2"]
[WhiteElo "1970"]
[BlackElo "2100"]
[PlyCount "33"]
[EventDate "2022.02.28"]
[EventType "swiss"]
[EventRounds "9"]
[EventCountry "VIE"]
[SourceTitle "CBM 207 Extra"]
[Source "ChessBase"]
[SourceDate "2022.05.31"]
[SourceVersion "1"]
[SourceVersionDate "2022.05.31"]
[SourceQuality "1"]

1. d4 Nf6 2. Nf3 c5 3. e3 g6 4. Be2 Bg7 5. 0-0 0-0 6. b3 cxd4 7. exd4 d5 8. Bb2 Nc6 9. Nbd2 Ne4 10. c4 e6 11. Ne5 Nxe5 12. dxe5 Nxd2 13. Qxd2 dxc4 14. Qxd8 Rxd8 15. Bxc4 Bd7 16. Rfd1 Bc6 17. f3 1/2-1/2

[Event "VIE-ch (Women)"]
[Site "Tinh Bac Giang"]
[Date "2022.02.28"]
[Round "2"]
[White "Nguyen, Thien Ngan"]
[Black "Dang, Bich Ngoc"]
[Result "1-0"]
[WhiteElo "1861"]
[BlackElo "2100"]
[PlyCount "83"]
[EventDate "2022.02.28"]
[EventType "swiss"]
[EventRounds "9"]
[EventCountry "VIE"]
[SourceTitle "CBM 207 Extra"]
[Source "ChessBase"]
[SourceDate "2022.05.31"]
[SourceVersion "1"]
[SourceVersionDate "2022.05.31"]
[SourceQuality "1"]

1. e4 c5 2. Nf3 e6 3. d4 cxd4 4. Nxd4 a6 5. c4 Nf6 6. Nc3 Qc7 7. Bd3 b6 8. 0-0 Bb7 9. Be3 Be7 10. f4 d6 11. Qe2 Nbd7 12. Bf2 g6 13. Kh1 Nh5 14. Be3 0-0 15. Rad1 Rac8 16. Nf3 Rfe8 17. Qf2 Nc5 18. Bc2 Nf6 19. Ng5 h6 20. Bd4 e5 21. Bxc5 Qxc5 22. Qxc5 Rxc5 23. fxe5 dxe5 24. Nf3 Ng4 25. Rde1 Bd8 26. Bd3 Kg7 27. h3 Nf6 28. a3 Nh5 29. Ne2 a5 30. g4 Nf6 31. Nc3 Ba6 32. Nd2 Bc7 33. b4 Rd8 34. Nd5 Rcxd5 35. exd5 Nxd5 36. b5 Nf4 37. bxa6 Nxd3 38. Re3 Nc5 39. Ref3 Nxa6 40. Rxf7+ Kg8 41. Ne4 Bb8 42. Re7 1-0

[Event "VIE-ch (Women)"]
[Site "Ho Chi Minh City"]
[Date "2021.03.27"]
[Round "5"]
[White "Dang, Bich Ngoc"]
[Black "Le, Thanh Tu"]
[Result "0-1"]
[WhiteElo "2106"]
[BlackElo "2139"]
[PlyCount "84"]
[EventDate "2021.03.24"]
[EventType "swiss"]
[EventRounds "9"]
[EventCountry "VIE"]
[SourceTitle "EXT 2022"]
[Source "ChessBase"]
[SourceDate "2021.10.06"]
[SourceVersion "1"]
[SourceVersionDate "2021.10.06"]
[SourceQuality "1"]

1. c4 c5 2. Nf3 Nf6 3. g3 Nc6 4. Bg2 d6 5. 0-0 g6 6. Nc3 Bg7 7. d4 cxd4 8. Nxd4 Bd7 9. Nc2 0-0 10. b3 Qc8 11. Re1 Bh3 12. Bh1 Ng4 13. Bb2 Qf5 14. f3 Qxc2 15. Qxc2 Bd4+ 16. e3 Nxe3 17. Qf2 Nc2 18. Qxd4 N6xd4 19. Rxe7 Nxa1 20. Bxa1 Nc2 21. Bb2 Rfe8 22. Re2 Rxe2 23. Nxe2 Re8 24. Kf2 Nb4 25. Nc1 Bf5 26. f4 Be4 27. Bxe4 Rxe4 28. Ba3 a5 29. Bxb4 axb4 30. Nd3 Kf8 31. Nxb4 b5 32. Kf3 f5 33. Nd5 bxc4 34. bxc4 Rxc4 35. Ne3 Ra4 36. g4 fxg4+ 37. Kxg4 Rxa2 38. h4 Re2 39. Kf3 Rxe3+ 40. Kxe3 Kf7 41. Kd4 Ke6 42. Ke4 h5 0-1

[Event "VIE Cup (Women)"]
[Site "Hanoi"]
[Date "2021.??.??"]
[Round "3"]
[White "Dong, Khanh Linh"]
[Black "Dang, Bich Ngoc"]
[Result "1/2-1/2"]
[WhiteElo "1970"]
[BlackElo "2100"]
[PlyCount "56"]
[EventDate "2021.05.03"]
[EventType "swiss"]
[EventRounds "9"]
[EventCountry "VIE"]
[SourceTitle "EXT 2022"]
[Source "ChessBase"]
[SourceDate "2021.10.06"]
[SourceVersion "1"]
[SourceVersionDate "2021.10.06"]
[SourceQuality "1"]

1. e4 g6 2. d4 Bg7 3. Be2 c5 4. Nf3 cxd4 5. Nxd4 Nc6 6. Be3 Nf6 7. Nc3 d6 8. h3 0-0 9. Qd2 Nxd4 10. Bxd4 Qa5 11. Bxf6 Bxf6 12. Nd5 Qxd2+ 13. Kxd2 Bxb2 14. Nxe7+ Kg7 15. Rab1 Bd4 16. Nxc8 Raxc8 17. Rxb7 Bxf2 18. Rf1 Bb6 19. Bb5 Rc7 20. Rxc7 Bxc7 21. Kd3 Bb6 22. g4 f6 23. a4 Rc8 24. Bc4 Rc7 25. Rb1 Rc5 26. Bd5 Ra5 27. Bc6 Rc5 28. Bd5 Ra5 1/2-1/2

[Event "VIE-ch (Women)"]
[Site "Hanoi"]
[Date "2020.10.07"]
[Round "4"]
[White "Luong, Hoang Tu Linh"]
[Black "Dang, Bich Ngoc"]
[Result "1/2-1/2"]
[WhiteElo "1703"]
[BlackElo "2153"]
[PlyCount "138"]
[EventDate "2020.10.05"]
[EventType "swiss"]
[EventRounds "9"]
[EventCountry "VIE"]
[SourceTitle "EXT 2022"]
[Source "ChessBase"]
[SourceDate "2021.10.06"]
[SourceVersion "1"]
[SourceVersionDate "2021.10.06"]
[SourceQuality "1"]

1. d4 c5 2. d5 e6 3. c4 exd5 4. cxd5 d6 5. Nc3 Nf6 6. e4 g6 7. Bd3 Bg7 8. Nf3 a6 9. a4 Bg4 10. 0-0 0-0 11. h3 Bxf3 12. Qxf3 Nbd7 13. Qe2 Re8 14. Bf4 Ne5 15. Bh2 Nxd3 16. Qxd3 Qc7 17. Kh1 c4 18. Qc2 Nd7 19. Rae1 Nc5 20. f4 Qd7 21. e5 dxe5 22. fxe5 Nd3 23. Re4 Nxe5 24. Bxe5 Bxe5 25. Rxc4 b5 26. axb5 axb5 27. Rh4 Bxc3 28. Qxc3 Qxd5 29. Qc1 Re2 30. Rf3 Qe5 31. Qf4 Ra1+ 32. Kh2 Ra4 33. Qxe5 Rxe5 34. Rxa4 bxa4 35. Rf4 Ra5 36. Rb4 Kg7 37. Rb6 g5 38. Rb4 h5 39. h4 g4 40. Kg3 Kg6 41. Rb6+ Kf5 42. Rh6 Ke4 43. Rf6 Ra7 44. Rh6 a3 45. bxa3 Rxa3+ 46. Kh2 f5 47. Re6+ Kf4 48. Rb6 Re3 49. Ra6 Re4 50. Ra5 Re5 51. Ra4+ Ke3 52. Kg3 Rd5 53. Ra3+ Rd3 54. Ra4 Ke2+ 55. Kh2 Re3 56. Rf4 Re5 57. Kg3 Ke3 58. Ra4 Re4 59. Ra3+ Kd2 60. Ra2+ Kc3 61. Ra5 f4+ 62. Kf2 Rb4 63. Rxh5 Rb2+ 64. Kf1 Rb1+ 65. Kf2 Rb2+ 66. Kf1 Rb1+ 67. Kf2 Kd3 68. Rh8 Rb2+ 69. Kf1 g3 1/2-1/2

[Event "VIE-chT (Women)"]
[Site "Ho Chi Minh City"]
[Date "2019.10.01"]
[Round "8.6"]
[White "Kieu, Bich Thuy"]
[Black "Dang, Bich Ngoc"]
[Result "1/2-1/2"]
[WhiteElo "1940"]
[BlackElo "2153"]
[PlyCount "71"]
[EventDate "2019.09.26"]
[EventType "swiss"]
[EventRounds "9"]
[EventCountry "VIE"]
[SourceTitle "EXT 2020"]
[Source "ChessBase"]
[SourceDate "2019.10.17"]
[SourceVersion "1"]
[SourceVersionDate "2019.10.17"]
[SourceQuality "1"]

1. d4 Nf6 2. c4 c5 3. d5 e6 4. Nc3 exd5 5. cxd5 d6 6. e4 g6 7. Bd3 Bg7 8. Nge2 0-0 9. 0-0 Re8 10. Bg5 a6 11. a4 Nbd7 12. f4 c4 13. Bc2 Qb6+ 14. Qd4 Qxb2 15. Ra2 Qb6 16. Qxb6 Nxb6 17. a5 Nbd7 18. Ra4 Ng4 19. Rf3 h6 20. Bh4 Nc5 21. Rxc4 g5 22. Bg3 gxf4 23. Bxf4 Ne5 24. Bxe5 Bxe5 25. h3 Bd7 26. Ng3 Rec8 27. Rb4 Rc7 28. Nd1 Bb5 29. Nf5 h5 30. Nf2 Nxe4 31. Nxe4 Rxc2 32. Nexd6 Rc1+ 33. Kf2 Rc2+ 34. Kg1 Rc1+ 35. Kf2 Rc2+ 36. Kg1 1/2-1/2

[Event "VIE-chT (Women)"]
[Site "Ho Chi Minh City"]
[Date "2019.09.29"]
[Round "5.5"]
[White "Dang, Bich Ngoc"]
[Black "Le, La Tra My"]
[Result "1-0"]
[WhiteElo "2153"]
[BlackElo "1820"]
[PlyCount "79"]
[EventDate "2019.09.26"]
[EventType "swiss"]
[EventRounds "9"]
[EventCountry "VIE"]
[SourceTitle "EXT 2020"]
[Source "ChessBase"]
[SourceDate "2019.10.17"]
[SourceVersion "1"]
[SourceVersionDate "2019.10.17"]
[SourceQuality "1"]

1. Nf3 Nf6 2. g3 g6 3. Bg2 Bg7 4. 0-0 0-0 5. c4 c6 6. d4 d5 7. cxd5 cxd5 8. Nc3 e6 9. Ne5 Nc6 10. Nxc6 bxc6 11. Na4 Nd7 12. Bf4 e5 13. dxe5 Nxe5 14. Rc1 Bb7 15. Nc5 Qe7 16. Qa4 g5 17. Bxe5 Bxe5 18. Nxb7 Qxb7 19. Qxc6 Qxb2 20. Qxd5 Rad8 21. Qe4 Rd2 22. Qf5 Rxe2 23. Be4 Rxe4 24. Qxe4 Bf6 25. Qf5 Kg7 26. Rc6 Rb8 27. a4 Rb4 28. a5 Rb5 29. Rc5 Rxc5 30. Qxc5 Qd4 31. Qxd4 Bxd4 32. Rd1 Bc3 33. Rd5 Kf6 34. a6 Bb4 35. Kg2 h6 36. Kf3 h5 37. Rb5 Bc3 38. Ke3 Kg6 39. Rb7 Ba5 40. Ke2 1-0

[Event "VIE-chT (Women)"]
[Site "Ho Chi Minh City"]
[Date "2019.09.29"]
[Round "6.3"]
[White "Hoang, Thi Bao Tram"]
[Black "Dang, Bich Ngoc"]
[Result "1-0"]
[WhiteElo "2297"]
[BlackElo "2153"]
[PlyCount "84"]
[EventDate "2019.09.26"]
[EventType "swiss"]
[EventRounds "9"]
[EventCountry "VIE"]
[SourceTitle "EXT 2020"]
[Source "ChessBase"]
[SourceDate "2019.10.17"]
[SourceVersion "1"]
[SourceVersionDate "2019.10.17"]
[SourceQuality "1"]

1. Nf3 Nf6 2. g3 g6 3. Bg2 Bg7 4. 0-0 0-0 5. d4 c5 6. c4 cxd4 7. Nxd4 Nc6 8. Nc3 Nxd4 9. Qxd4 d6 10. Qd2 Qc7 11. b3 Be6 12. Bb2 Rac8 13. Rac1 Qb8 14. e4 a6 15. Qe2 Bg4 16. f3 Bd7 17. a4 Qa7+ 18. Kh1 Qb6 19. Qd1 Be6 20. Ne2 Nd7 21. Bxg7 Kxg7 22. Rb1 a5 23. Nd4 Nc5 24. f4 Bd7 25. f5 Bc6 26. Qe1 Nd7 27. Rd1 Qc5 28. g4 Qe5 29. g5 Nc5 30. Qh4 Bxe4 31. Qh6+ Kh8 32. f6 exf6 33. gxf6 Bxg2+ 34. Kxg2 Rg8 35. Nf3 Qh5 36. Qf4 g5 37. Qxd6 g4 38. Ne5 Ne4 39. Qd4 Ng5 40. Rd3 Ne6 41. Rf5 Nf4+ 42. Rxf4 Rcf8 1-0

[Event "VIE-chT (Women)"]
[Site "Ho Chi Minh City"]
[Date "2019.09.27"]
[Round "3.3"]
[White "Dang, Bich Ngoc"]
[Black "Luong, Phuong Hanh"]
[Result "0-1"]
[WhiteElo "2153"]
[BlackElo "2293"]
[PlyCount "42"]
[EventDate "2019.09.26"]
[EventType "swiss"]
[EventRounds "9"]
[EventCountry "VIE"]
[SourceTitle "EXT 2020"]
[Source "ChessBase"]
[SourceDate "2019.10.17"]
[SourceVersion "1"]
[SourceVersionDate "2019.10.17"]
[SourceQuality "1"]

1. d4 Nf6 2. c4 c5 3. d5 b5 4. cxb5 a6 5. bxa6 Bxa6 6. Nc3 d6 7. Nf3 g6 8. e4 Bxf1 9. Kxf1 Bg7 10. g3 0-0 11. Kg2 Nbd7 12. Be3 Ra6 13. Qc2 Qa8 14. a3 e6 15. dxe6 fxe6 16. Rhd1 d5 17. exd5 exd5 18. Bf4 d4 19. Ne2 Kh8 20. Qd3 g5 21. Bxg5 Ne4 0-1

[Event "VIE-chB (Women)"]
[Site "Ba Dinh"]
[Date "2018.12.01"]
[Round "6"]
[White "Dang, Bich Ngoc"]
[Black "Hoang, Thi Hai Anh"]
[Result "1/2-1/2"]
[WhiteElo "2153"]
[BlackElo "1885"]
[PlyCount "119"]
[EventDate "2018.11.28"]
[EventType "swiss"]
[EventRounds "9"]
[EventCountry "VIE"]
[SourceTitle "EXT 2021"]
[Source "ChessBase"]
[SourceDate "2020.10.23"]
[SourceVersion "1"]
[SourceVersionDate "2020.10.23"]
[SourceQuality "1"]

1. Nf3 Nf6 2. c4 g6 3. g3 b6 4. Bg2 Bb7 5. d4 Bg7 6. 0-0 0-0 7. d5 d6 8. Nc3 c6 9. Nd4 cxd5 10. cxd5 Na6 11. h3 Qd7 12. e4 Rfc8 13. Be3 Nc7 14. a4 e6 15. dxe6 Nxe6 16. Ndb5 Bf8 17. Re1 a6 18. Na3 Nc5 19. Bd4 Qe6 20. Nd5 Nxd5 21. exd5 Qf5 22. Nc4 Nd7 23. Nxb6 Nxb6 24. Bxb6 Re8 25. Qb3 Rac8 26. Bd4 Qd7 27. a5 Bg7 28. Bxg7 Kxg7 29. Qb6 Kg8 30. Rxe8+ Rxe8 31. Rc1 Re7 32. Kh2 Kg7 33. b4 Qf5 34. Qxd6 Re2 35. Qf4 Rxf2 36. Qxf5 gxf5 37. Rd1 Kf8 38. Kg1 Rb2 39. Rd4 Ke8 40. Bf1 Ke7 41. Bd3 Kd6 42. Bxf5 Bxd5 43. g4 Ke5 44. Rd3 h6 45. Re3+ Kd6 46. Bc8 Bc4 47. Rf3 Ke7 48. Rf4 Rxb4 49. Kf2 Rb2+ 50. Kg3 Bb5 51. Bb7 Rb3+ 52. Kh4 Ra3 53. Rf5 f6 54. Bg2 Rxa5 55. Bf1 Kf7 56. Bc4+ Kg7 57. Bd3 Ra3 58. Bxb5 axb5 59. Rxb5 Kg6 60. Rb8 1/2-1/2

[Event "VIE-chT (Women)"]
[Site "Ho Chi Minh City"]
[Date "2017.07.28"]
[Round "7.3"]
[White "Doan, Thi Van Anh"]
[Black "Dang, Bich Ngoc"]
[Result "0-1"]
[WhiteElo "1974"]
[BlackElo "2176"]
[PlyCount "110"]
[EventDate "2017.07.24"]
[EventType "team-swiss"]
[EventRounds "9"]
[EventCountry "VIE"]
[SourceTitle "EXT 2019"]
[Source "ChessBase"]
[SourceDate "2018.10.10"]
[SourceVersion "1"]
[SourceVersionDate "2018.10.10"]
[SourceQuality "1"]

1. Nf3 Nf6 2. d4 c5 3. d5 e6 4. dxe6 fxe6 5. c4 d5 6. e3 Be7 7. Be2 0-0 8. 0-0 Nc6 9. cxd5 exd5 10. Nc3 a6 11. Qb3 b5 12. Rd1 c4 13. Qc2 Nb4 14. Qd2 Ne4 15. Nxe4 dxe4 16. Qxd8 Bxd8 17. Nd4 Bf6 18. Bd2 Bxd4 19. Bxb4 Bxb2 20. Rab1 c3 21. Bxf8 Kxf8 22. Rxb2 cxb2 23. Rb1 Be6 24. Rxb2 Rc8 25. f3 Rc1+ 26. Kf2 exf3 27. Bxf3 Bc4 28. Bb7 a5 29. a3 Rf1+ 30. Kg3 Ra1 31. Ba6 Rxa3 32. Bxb5 Rxe3+ 33. Kf4 Rb3 34. Rxb3 Bxb3 35. Ke3 a4 36. Kd2 a3 37. Kc3 Bd5 38. Bd3 h6 39. h4 Kf7 40. g4 Kf6 41. Bc2 Be6 42. Bd1 Ke5 43. Kc2 Kf4 44. g5 hxg5 45. hxg5 Kxg5 46. Kb1 Kf4 47. Ka1 g5 48. Bh5 Bd5 49. Be2 Bf3 50. Bb5 g4 51. Bd7 g3 52. Bh3 Bg4 53. Bg2 Ke3 54. Bf1 Kf2 55. Bd3 g2 0-1

[Event "VIE-chT (Women)"]
[Site "Ho Chi Minh City"]
[Date "2017.07.24"]
[Round "2.3"]
[White "Dang, Bich Ngoc"]
[Black "Nguyen, Thi Minh Oanh"]
[Result "1-0"]
[WhiteElo "2176"]
[BlackElo "1796"]
[PlyCount "51"]
[EventDate "2017.07.24"]
[EventType "team-swiss"]
[EventRounds "9"]
[EventCountry "VIE"]
[SourceTitle "EXT 2019"]
[Source "ChessBase"]
[SourceDate "2018.10.10"]
[SourceVersion "1"]
[SourceVersionDate "2018.10.10"]
[SourceQuality "1"]

1. Nf3 d5 2. g3 Nf6 3. Bg2 Bf5 4. d3 e6 5. c4 c6 6. cxd5 exd5 7. Nd4 Bg6 8. Nc3 Nbd7 9. 0-0 Be7 10. a3 0-0 11. b4 a6 12. h3 Ne8 13. e4 Bf6 14. Be3 dxe4 15. dxe4 Nc7 16. f4 Bxd4 17. Qxd4 f6 18. Rad1 Be8 19. Qd6 Qc8 20. Bf3 f5 21. e5 Nb5 22. Nxb5 axb5 23. Rd3 Ra6 24. e6 Nb6 25. Bxb6 Rxb6 26. e7 1-0

[Event "VIE-ch Resolution (Women) 7th"]
[Site "Bac Giang"]
[Date "2014.12.12"]
[Round "7"]
[White "Le, Phu Nguyen Thao"]
[Black "Dang, Bich Ngoc"]
[Result "0-1"]
[WhiteElo "2016"]
[BlackElo "2176"]
[PlyCount "118"]
[EventDate "2014.12.05"]
[EventType "swiss"]
[EventRounds "9"]
[EventCountry "VIE"]
[SourceTitle "EXT 2019"]
[Source "ChessBase"]
[SourceDate "2018.10.10"]
[SourceVersion "1"]
[SourceVersionDate "2018.10.10"]
[SourceQuality "1"]

1. e4 c5 2. Nf3 e6 3. d4 cxd4 4. Nxd4 a6 5. Bd3 Nf6 6. 0-0 Qc7 7. Qe2 d6 8. c4 Nbd7 9. Nc3 Be7 10. Be3 Ne5 11. Rac1 Nxd3 12. Qxd3 Ng4 13. Nf3 Nxe3 14. Qxe3 Bd7 15. Rfd1 0-0 16. Ne2 Rac8 17. h3 Rfd8 18. a3 Qb8 19. e5 Bc6 20. exd6 Bxd6 21. Nfd4 Be8 22. b4 b6 23. Rd3 a5 24. Rb3 axb4 25. axb4 g6 26. c5 Bf8 27. Rbc3 bxc5 28. bxc5 Rd5 29. c6 Qd6 30. f4 Bh6 31. Qe4 Bxf4 32. Qxf4 Qxf4 33. Nxf4 Rxd4 34. Ne2 Rd6 35. c7 Bb5 36. Ng3 f5 37. Rc5 Rd5 38. Rxd5 exd5 39. Rb1 Bd7 40. Rb7 Kf7 41. Ne2 Ke7 42. Ra7 Kd6 43. Nf4 Bc6 44. Nd3 Rxc7 45. Ra6 d4 46. Kf2 Kd5 47. Ra5+ Kc4 48. Ne5+ Kb4 49. Ra6 Be4 50. g4 f4 51. g5 Rc5 52. Re6 Bf5 53. Re7 d3 54. Ke1 Kc3 55. Nf3 Bxh3 56. Re4 Bg2 57. Rxf4 Bxf3 58. Rxf3 Rxg5 59. Rf7 d2+ 0-1

[Event "VIE-ch Resolution (Women) 7th"]
[Site "Bac Giang"]
[Date "2014.12.10"]
[Round "5"]
[White "Dang, Bich Ngoc"]
[Black "Le, Hoang Tran Chau"]
[Result "0-1"]
[WhiteElo "2176"]
[BlackElo "2159"]
[PlyCount "114"]
[EventDate "2014.12.05"]
[EventType "swiss"]
[EventRounds "9"]
[EventCountry "VIE"]
[SourceTitle "EXT 2019"]
[Source "ChessBase"]
[SourceDate "2018.10.10"]
[SourceVersion "1"]
[SourceVersionDate "2018.10.10"]
[SourceQuality "1"]

1. c4 e5 2. Nc3 Nf6 3. Nf3 Nc6 4. d4 exd4 5. Nxd4 Bb4 6. Bg5 h6 7. Bh4 0-0 8. e3 Re8 9. Be2 g5 10. Bg3 Ne4 11. Rc1 d6 12. 0-0 Bxc3 13. bxc3 Nxg3 14. hxg3 Ne5 15. Rb1 a6 16. e4 Nd7 17. Nf5 Qf6 18. f3 Nc5 19. Ne3 Be6 20. Qd4 Qe5 21. Kf2 Rac8 22. Rh1 Kg7 23. g4 f6 24. Bd1 Rh8 25. Bc2 Rce8 26. Rbe1 Bc8 27. Nf5+ Kg6 28. Rh5 Rh7 29. g3 Ne6 30. Qe3 Reh8 31. Nd4 Kf7 32. Nxe6 Bxe6 33. f4 Qc5 34. Qxc5 dxc5 35. e5 Bxg4 36. Rh2 Rg7 37. f5 fxe5 38. Rxe5 h5 39. Rxc5 Kf6 40. Rd5 Re7 41. Bd3 Rhe8 42. Rh1 Re3 43. Rf1 Rf3+ 44. Kg2 Ree3 45. Rxf3 Bxf3+ 46. Kf2 Bxd5 47. Kxe3 Bc6 48. Be2 h4 49. gxh4 gxh4 50. Bg4 Ke5 51. Bh3 a5 52. a3 b6 53. Bg4 Bg2 54. Kf2 Be4 55. Ke3 Bxf5 56. Bf3 c5 57. Bc6 Be6 0-1

[Event "VIE-ch Resolution (Women) 7th"]
[Site "Bac Giang"]
[Date "2014.12.05"]
[Round "1"]
[White "Dang, Bich Ngoc"]
[Black "Mai, Thuy Trang"]
[Result "1-0"]
[WhiteElo "2176"]
[BlackElo "1875"]
[PlyCount "63"]
[EventDate "2014.12.05"]
[EventType "swiss"]
[EventRounds "9"]
[EventCountry "VIE"]
[SourceTitle "EXT 2016"]
[Source "ChessBase"]
[SourceDate "2015.10.08"]
[SourceVersion "1"]
[SourceVersionDate "2015.10.08"]
[SourceQuality "1"]

1. c4 e6 2. Nc3 Nf6 3. e4 Nc6 4. d4 Bb4 5. e5 Ne4 6. Qd3 d5 7. a3 Bxc3+ 8. bxc3 0-0 9. g3 f5 10. Ne2 dxc4 11. Qxc4 Na5 12. Qa4 Qd5 13. f3 Nxc3 14. Nxc3 Qxf3 15. Qxa5 Qxh1 16. Qxc7 Qxh2 17. Ne2 h5 18. Qe7 b6 19. Qh4 Qxh4 20. gxh4 Ba6 21. Bg5 Bxe2 22. Bxe2 g6 23. Bc4 Rfe8 24. d5 Rec8 25. Ba2 Rc5 26. dxe6 Rxe5+ 27. Kf1 Kf8 28. Rc1 Rc5 29. e7+ Ke8 30. Rd1 Rcc8 31. Be6 Rcb8 32. Bd5 1-0

[Event "VIE-ch (Women)"]
[Site "Da Lat"]
[Date "2014.03.30"]
[Round "7"]
[White "Hoang, Thi Bao Tram"]
[Black "Dang, Bich Ngoc"]
[Result "1-0"]
[WhiteElo "2269"]
[BlackElo "2228"]
[PlyCount "87"]
[EventDate "2014.03.26"]
[EventType "swiss"]
[EventRounds "11"]
[EventCountry "VIE"]
[SourceTitle "CBM 159 Extra"]
[Source "ChessBase"]
[SourceDate "2014.04.24"]
[SourceVersion "1"]
[SourceVersionDate "2014.04.24"]
[SourceQuality "1"]

1. Nf3 Nf6 2. g3 g6 3. Bg2 Bg7 4. 0-0 0-0 5. d3 d5 6. Nbd2 c5 7. e4 Nc6 8. Re1 Bg4 9. h3 Bxf3 10. Bxf3 dxe4 11. dxe4 Rc8 12. Bg2 e5 13. c3 Qe7 14. Qe2 Rfd8 15. Nf1 h6 16. Ne3 Qe6 17. Nd5 Ne7 18. Nxf6+ Qxf6 19. Qc4 Qc6 20. a4 Rd7 21. Be3 b6 22. h4 Rcd8 23. a5 Nc8 24. b4 Nd6 25. Qa6 Rc7 26. Red1 Rb8 27. bxc5 Nc8 28. Rd8+ Kh7 29. axb6 axb6 30. cxb6 Rcb7 31. Bh3 Nd6 32. Rxb8 Rxb8 33. Qa4 Qxc3 34. Rd1 Bf8 35. Rxd6 Bxd6 36. Qd7 Bf8 37. Qxf7+ Bg7 38. h5 Rf8 39. Qxg6+ Kg8 40. Be6+ Kh8 41. Bf5 Rxf5 42. exf5 e4 43. Qe8+ Kh7 44. b7 1-0